000 00643nam a2200169Ia 4500
008 090711s9999 xx 000 0 und d
082 _b65826
100 _aसाठवणे पां. आ.
245 _aआयर्वेदिक प्रमुख व उपयोगी औषधे
260 _c1990
300 _a58
600 _aसाठवणे पां. आ.
630 _aआयर्वेदिक प्रमुख व उपयोगी औषधे
700 _aसाठवणे पां. आ.
730 _aआयर्वेदिक प्रमुख व उपयोगी औषधे
942 _cBOOK
999 _c310542
_d310542